| 000 | 00388nam a2200145 i 4500 | ||
|---|---|---|---|
| 001 | 86847 | ||
| 003 | ES-MaACL | ||
| 007 | t| | ||
| 008 | 041216s1953 xxk ||||1| eng d | ||
| 100 | 1 |
_aKirk, Lydia. _968116 |
|
| 245 | 1 | 0 |
_aPostmarked moscow / _cLydia Kirk. |
| 260 |
_aLondon : _bGerald Duckworth, _c[1953] |
||
| 300 |
_a239 p., 8 lám. ; _c22 cm. |
||
| 852 |
_aES-MaACL _jE-7280 _bR.91915 |
||
| 999 |
_c86847 _d86847 |
||